[Event "GER GM08-A email"]
[Site "GER email"]
[Date "2019.06.19"]
[Round "?"]
[White "Fleetwood, Daniel M"]
[Black "Korze, Danilo"]
[Result "1/2-1/2"]
[WhiteElo "2581"]
[BlackElo "2567"]
[PlyCount "107"]
[EventDate "2019.??.??"]
[EventType "tourn (corr)"]
[EventRounds "13"]
[EventCountry "GER"]
[SourceTitle "Corr 2022"]
[Source "ChessBase"]
[SourceDate "2021.10.24"]
[SourceVersion "1"]
[SourceVersionDate "2021.10.24"]
[SourceQuality "1"]

1. d4 d5 2. c4 c6 3. Nf3 Nf6 4. Nc3 e6 5. Bg5 h6 6. Bh4 dxc4 7. e4 g5 8. Bg3 b5 9. Be2 Bb7 10. 0-0 Nbd7 11. Ne5 Be7 12. f4 0-0 13. Kh1 Nxe5 14. fxe5 Ne8 15. Qc2 Qb6 16. Rad1 Rd8 17. Bf2 Qc7 18. Bf3 Rd7 19. a3 a5 20. Bg3 Qc8 21. d5 cxd5 22. exd5 b4 23. Na4 Rxd5 24. Nb6 Rxd1 25. Rxd1 Qc7 26. Rd7 Qxb6 27. Bf2 b3 28. Qd2 Qb5 29. Rxb7 Qxe5 30. Rxe7 c3 31. bxc3 Nd6 32. Rd7 Nc4 33. Qe2 b2 34. Qxe5 Nxe5 35. Rb7 Nd3 36. Bd4 e5 37. Bg1 Rc8 38. Be4 Rxc3 39. Bxd3 Rxd3 40. Rxb2 Rxa3 41. g4 h5 42. gxh5 Rh3 43. Bb6 Rxh5 44. Bxa5 Kg7 45. Bd8 g4 46. Kg2 f5 47. Rb7+ Kg6 48. Rb6+ Kh7 49. Bc7 f4 50. Re6 f3+ 51. Kg3 Rh3+ 52. Kxg4 f2 53. Rf6 f1R 54. Rxf1 1/2-1/2

[Event "GER GM07-A email"]
[Site "GER email"]
[Date "2018.06.19"]
[Round "?"]
[White "Korze, Danilo"]
[Black "Mueller, Gerhard1"]
[Result "1/2-1/2"]
[WhiteElo "2567"]
[BlackElo "2568"]
[PlyCount "59"]
[EventDate "2018.??.??"]
[EventType "tourn (corr)"]
[EventRounds "13"]
[EventCountry "GER"]
[SourceTitle "Corr 2020"]
[Source "ChessBase"]
[SourceDate "2019.09.30"]
[SourceVersion "1"]
[SourceVersionDate "2019.09.30"]
[SourceQuality "1"]

1. Nf3 d5 2. d4 Nf6 3. c4 c6 4. Nc3 e6 5. Bg5 dxc4 6. e4 b5 7. e5 h6 8. Bh4 g5 9. Nxg5 hxg5 10. Bxg5 Nbd7 11. g3 Bb7 12. Bg2 Qb6 13. exf6 0-0-0 14. 0-0 c5 15. d5 b4 16. Na4 Qb5 17. a3 Nb8 18. axb4 cxb4 19. Qg4 Bxd5 20. Rfc1 Nc6 21. Bxd5 Rxd5 22. Rxc4 Rxg5 23. Qd4 Kb8 24. Rxc6 Rxg3+ 25. fxg3 Qxc6 26. Rd1 Qc7 27. b3 Kc8 28. Qe4 Kb8 29. Qd4 Kc8 30. Qe4 1/2-1/2

[Event "SLO-chT2 East"]
[Site "Slovenia"]
[Date "2017.12.09"]
[Round "8"]
[White "Korze, Danilo"]
[Black "Krize, Ales"]
[Result "1-0"]
[WhiteElo "1975"]
[BlackElo "1833"]
[PlyCount "59"]
[EventDate "2017.09.30"]
[EventType "team-tourn"]
[EventRounds "9"]
[EventCountry "SLO"]
[SourceTitle "EXT 2019"]
[Source "ChessBase"]
[SourceDate "2018.10.10"]
[SourceVersion "1"]
[SourceVersionDate "2018.10.10"]
[SourceQuality "1"]

1. c4 e6 2. Nc3 d5 3. d4 Nf6 4. Nf3 Be7 5. e3 0-0 6. Bd2 b6 7. Be2 Bb7 8. 0-0 Nbd7 9. Rc1 Rc8 10. b3 a6 11. Ne5 Nxe5 12. dxe5 Ne8 13. cxd5 exd5 14. Bg4 Rb8 15. Be1 c5 16. Rc2 Nc7 17. Rd2 Re8 18. f4 Bf8 19. Bf3 d4 20. Kh1 Bxf3 21. Rxf3 Qe7 22. exd4 cxd4 23. Rxd4 Ne6 24. Rd7 Qa3 25. Bd2 b5 26. Bc1 Qc5 27. Rh3 Rbd8 28. Qh5 h6 29. Qxf7+ Kh8 30. Rxh6+ 1-0

[Event "SLO-chT2 East"]
[Site "Slovenia"]
[Date "2017.10.15"]
[Round "2"]
[White "Sahinovic, Fikret"]
[Black "Korze, Danilo"]
[Result "1/2-1/2"]
[WhiteElo "1826"]
[BlackElo "1975"]
[PlyCount "97"]
[EventDate "2017.09.30"]
[EventType "team-tourn"]
[EventRounds "9"]
[EventCountry "SLO"]
[SourceTitle "EXT 2019"]
[Source "ChessBase"]
[SourceDate "2018.10.10"]
[SourceVersion "1"]
[SourceVersionDate "2018.10.10"]
[SourceQuality "1"]

1. e4 c5 2. Nf3 Nc6 3. b4 cxb4 4. d4 d5 5. exd5 Qxd5 6. c4 Qe4+ 7. Be2 Nf6 8. Nbd2 Qf5 9. 0-0 e6 10. Nh4 Qa5 11. Nb3 Qd8 12. Bg5 Be7 13. Re1 0-0 14. Nf3 Ne4 15. Bxe7 Nxe7 16. Bd3 Nc3 17. Qc2 g6 18. a3 b5 19. axb4 bxc4 20. Bxc4 Ncd5 21. Qd2 Qb6 22. b5 Kg7 23. Nc5 Rd8 24. h4 h6 25. Ne5 Nf6 26. Rad1 Nf5 27. Nc6 Rd6 28. Qf4 Nd5 29. Qh2 Nc3 30. Ne4 Nxe4 31. Rxe4 Bb7 32. Rde1 Bxc6 33. bxc6 Rxd4 34. Qe5+ Kh7 35. h5 gxh5 36. Qf6 Rxe4 37. Qxf7+ Kh8 38. Qf6+ Kh7 39. Qf7+ Kh8 40. Qf6+ Ng7 41. Qxh6+ Kg8 42. Bxe6+ Rxe6 43. Rxe6 Qb1+ 44. Kh2 Nxe6 45. Qxe6+ Kg7 46. Qe5+ Kg6 47. Qe6+ Kg5 48. Qe7+ Kg6 49. Qe6+ 1/2-1/2

[Event "GER GM06-A email"]
[Site "GER email"]
[Date "2017.06.26"]
[Round "?"]
[White "Korze, Danilo"]
[Black "De Oliveira, Joao Carlos"]
[Result "1/2-1/2"]
[WhiteElo "2549"]
[BlackElo "2573"]
[PlyCount "78"]
[EventDate "2017.??.??"]
[EventType "tourn (corr)"]
[EventRounds "13"]
[EventCountry "GER"]
[SourceTitle "Corr 2020"]
[Source "ChessBase"]
[SourceDate "2019.09.30"]
[SourceVersion "1"]
[SourceVersionDate "2019.09.30"]
[SourceQuality "1"]

1. e4 c5 2. Nf3 e6 3. d4 cxd4 4. Nxd4 Nc6 5. Nc3 Qc7 6. Be2 a6 7. 0-0 Nf6 8. Be3 Be7 9. f4 d6 10. Qe1 0-0 11. Qg3 Nxd4 12. Bxd4 b5 13. a3 Bb7 14. Bf3 Rac8 15. Rae1 Rfd8 16. Re2 Ne8 17. Qf2 Rd7 18. Rd1 Bf6 19. Red2 Bxd4 20. Qxd4 h6 21. Qe3 Nf6 22. Rd3 Bc6 23. R1d2 a5 24. b4 e5 25. h3 axb4 26. axb4 exf4 27. Qxf4 Qb8 28. Rd4 Re8 29. Rxd6 Nxe4 30. Bxe4 Bxe4 31. Nxe4 Rxe4 32. Qxe4 Rxd6 33. Rxd6 Qxd6 34. Qe8+ Kh7 35. Qxb5 Qd1+ 36. Kh2 Qd6+ 37. Kg1 Qd1+ 38. Kh2 Qd6+ 39. Kg1 Qd1+ 1/2-1/2